Top 100 NBA Scorers of All Time - Statistics

General Stats
  • This quiz has been taken 2,227 times
    2,203 since last reset
  • The average score is 41 of 100
Answer Stats
Years in NBA Player % Correct
2003-Present LeBron James
97%
1969-1989 Kareem Abdul-Jabbar
96%
1996-2016 Kobe Bryant
96%
1984-2003 Michael Jordan
96%
1959-1973 Wilt Chamberlain
90%
1985-2004 Karl Malone
88%
1976-1995 Moses Malone
87%
1998-Present Dirk Nowitzki
86%
1992-2011 Shaquille O'Neal
86%
1997-2016 Tim Duncan
82%
1979-1992 Larry Bird
81%
1960-1974 Jerry West
79%
2007-Present Kevin Durant
78%
1979-1996 Magic Johnson
78%
2003-Present Dwyane Wade
76%
1984-2002 Hakeem Olajuwon
76%
1996-2010 Allen Iverson
72%
1995-2016 Kevin Garnett
72%
1998-Present Vince Carter
72%
2003-Present Carmelo Anthony
71%
1987-2004 Scottie Pippen
70%
2001-Present Joe Johnson
68%
1989-2003 David Robinson
65%
1998-Present Paul Pierce
65%
1960-1974 Oscar Robertson
64%
1996-2014 Ray Allen
64%
1984-2000 Charles Barkley
61%
1976-1987 Julius Erving
61%
1985-2002 Patrick Ewing
61%
1996-2014 Steve Nash
61%
1981-1994 Isiah Thomas
60%
1984-2003 John Stockton
59%
2001-Present Tony Parker
57%
2003-Present Chris Bosh
56%
1994-2013 Jason Kidd
56%
1997-2012 Tracy McGrady
56%
1950-1970 Bob Cousy
54%
1987-2005 Reggie Miller
54%
1999-2016 Andre Miller
53%
1962-1978 John Havlicek
53%
1983-1998 Clyde Drexler
52%
1982-1999 Dominique Wilkins
51%
1958-1972 Elgin Baylor
51%
1980-1993 Kevin McHale
51%
1954-1965 Bob Pettit
50%
1960-1975 Lenny Wilkens
50%
1990-2007 Gary Payton
46%
2001-Present Pau Gasol
46%
1982-1994 James Worthy
45%
1976-1997 Robert Parish
45%
1968-1984 Elvin Hayes
44%
1972-1986 George Gervin
42%
1976-1991 Alex English
40%
1985-1999 Joe Dumars
37%
1965-1980 Rick Barry
36%
1972-1986 Bob McAdoo
34%
1993-2008 Chris Webber
34%
1981-1998 Buck Williams
32%
1985-2001 Chris Mullin
31%
1977-1993 Bernard King
30%
1994-2013 Grant Hill
30%
1977-1992 Walter Davis
29%
1976-1991 Adrian Dantley
26%
1949-1964 Dolph Schayes
22%
1967-1980 Earl Monroe
18%
1988-2002 Mitch Richmond
18%
1999-2015 Shawn Marion
17%
1970-1984 Bob Lanier
16%
1966-1978 Dave Bing
16%
1965-1979 Gail Goodrich
15%
1989-2004 Glen Rice
15%
1981-1998 Tom Chambers
13%
2001-Present Zach Randolph
13%
1999-2016 Elton Brand
12%
1961-1975 Walt Bellamy
12%
1984-2007 Kevin Willis
11%
1992-2005 Latrell Sprewell
11%
1981-1994 Mark Aguirre
11%
1996-2009 Stephon Marbury
10%
1983-2000 Dale Ellis
9%
1977-1991 Jack Sikma
8%
1995-2010 Michael Finley
7%
1981-1994 Rolando Blackman
7%
1998-2014 Antwan Jamison
4%
1958-1973 Hal Greer
4%
2000-Present Jamal Crawford
4%
1999-Present Jason Terry
4%
1984-2001 Otis Thorpe
4%
1959-1971 Bailey Howell
3%
1995-2013 Jerry Stackhouse
3%
1989-2007 Clifford Robinson
2%
1981-1999 Eddie Johnson
2%
1982-2000 Terry Cummings
2%
1970-1984 Tiny Archibald
2%
1970-1983 Calvin Murphy
1%
1962-1975 Chet Walker
1%
1983-1996 Jeff Malone
1%
1966-1979 Lou Hudson
1%
1978-1991 Reggie Theus
1%
1975-1988 World B. Free
1%
No matching quizzes found
Score Distribution
Percent of People with Each Score
Percentile by Number Answered
Your Score History
You have not taken this quiz since the last reset